Participatory budgeting in the local sphere
Publicado:
Barcelona :
Diputació de Barcelona. Àrea d'Atenció a les Persones. Gerència de Serveis d'Igualtat i Ciutadania ,
2019
Descripción Física:
14 pàgines : 21 cm
Colección:
Citizen participation handbook
; 5
Idioma:
English
MARC
| LEADER | 00000nam a2200000 a 4500 | ||
|---|---|---|---|
| 001 | 25689 | ||
| 008 | 220527b spa||||| |||| 00| 0 eng d | ||
| 017 | |a DL B 26579-2019 | ||
| 080 | |a FU-69-81 | ||
| 245 | 1 | |a Participatory budgeting in the local sphere | |
| 260 | |a Barcelona : |b Diputació de Barcelona. Àrea d'Atenció a les Persones. Gerència de Serveis d'Igualtat i Ciutadania, |c 2019 | ||
| 300 | |a 14 pàgines : |c 21 cm | ||
| 490 | |a Citizen participation handbook ; |v 5 | ||
| 650 | 0 | |a Participació ciutadana |9 7371 | |
| 650 | 0 | |a Pressupostos municipals |9 22294 | |
| 710 | |a Barcelona (Catalunya : Província). |b Gerència de Serveis d'Igualtat i Ciutadania |9 52163 | ||
| 942 | |2 udc |c ARXIU |n 1 | ||
| 952 | |0 0 |1 0 |4 0 |6 FU6981 |7 1 |9 62084 |a Arxiu |b Arxiu |d 2022-05-27 |l 0 |o FU-69-81 |p 25689 |r 2022-05-27 00:00:00 |w 2022-05-27 |y ARXIU | ||
| 999 | |c 81795 |d 81795 | ||